Statistics for New York Knicks 2010s Top 10 Leaders

Click here to take the quiz!

General Stats

  • This quiz has been taken 93 times
  • The average score is 9 of 24

Answer Stats

Answer% Correct
Carmelo Anthony
100%
Amar'e Stoudemire
80%
Kristaps Porzingis
78%
J.R. Smith
73%
Tyson Chandler
72%
Wilson Chandler
71%
Mitchell Robinson
52%
Iman Shumpert
46%
Raymond Felton
38%
Courtney Lee
34%
David Lee
34%
Danilo Gallinari
33%
Tim Hardaway
29%
Lance Thomas
20%
Landry Fields
20%
José Calderon
18%
Enes Kanter
17%
Pablo Prigioni
17%
Robin Lopez
17%
Jared Jeffries
9%
Kyle O'Quinn
7%
Toney Douglas
6%
Chris Duhon
2%
Cole Aldrich
2%

Score Distribution

Percentile by Number Answered

Percent of People with Each Score

Your Score History

You have not taken this quiz